Science Quiz

Random Science Quiz
Score 0/22 Timer 10:00
0 Plays Today
Hint Answer % Correct
consisting of many cellsmulticellular
75%
made of a single cellunicellular
73.4%
the process by which species gradually change over timeevolution
71%
a trace of an ancient organism that has been preserved in rock or other substancefossil
71%
a basic unit of structure and function in a living organismcell
70.2%
the scientific study of how living things are classifiedtaxonomy
69.4%
a living thingorganism
68.5%
a group of similar organisms that can mate with each other and produce offspring that can also mate and reproducespecies
68.5%
the dense area of a eukaryotic cell that contains nucleic acids, the chemical instructions that direct the cell's activitiesnucleus
66.9%
an organism whose cells contain nucleieukaryote
66.9%
a classification grouping that consists of a number of similar, closely related speciesgenus
65.3%
Hint Answer % Correct
the maintenance of stable internal conditionshomeostasis
62.9%
an organism that makes its own foodautotroph
62.1%
the process of grouping things based on their similarities classification
62.1%
an action or change in behavior that occurs as a result of a stimulusresponse
59.7%
an organism that cannot make its own foodheterotroph
59.7%
an organism whose cells lack a nucleus and some other cell structuresprokaryote
58.1%
the mistaken idea that living things arise from nonliving sourcesspontaneous generation
57.3%
the system of naming organisms in which each organism is given a unique, two-part scientific name indicating its genus and speciesbinomial nomenclature
56.5%
a change in the organism's surroundings that causes the organism to reactstimulus
54.8%
the process of change that occurs during an organism's life to produce a more complex organismdevelopment
53.2%
an experiment in which all factors are identical except onecontrolled experiment
51.6%
Remove Ads.
Support Sporcle.
Get the best of Sporcle when you Go Orange. This ad-free experience offers more features, more stats, and more fun while also helping to support Sporcle. Thank you for becoming a member.

You're not logged in!

Compare scores with friends on all Sporcle quizzes.
OR
Log In

Show Comments

Extras

Top Quizzes Today


Score Distribution

Your Account Isn't Verified!

In order to create a playlist on Sporcle, you need to verify the email address you used during registration. Go to your Sporcle Settings to finish the process.

Report this User

Report this user for behavior that violates our Community Guidelines.

Details: